000 01243nam a2200349 a 4500
001 000109510
003 CHAP
005 20220329144053.0
008 140507s2013 mx sm |||||||spa d
010 _a105972
011 _a106944
040 _cCHAP
090 _aTesis
100 1 _aHernández Mendoza, Miguel
_9126749
245 1 0 _aBalance macroscópico de materia de biodigestor del ejido colectivo Batopilas
_h[En línea]
_cpor Miguel Hernández Mendoza.
260 _aChapingo, Méx. :
_bEl autor,
_c2013.
500 _aPara ver el contenido del material haga clic en la liga
502 _aTesis (Ing. Agroindustrial ) -- UACH. Departamento de Ingeniería Agroindustrial
590 _aBATCH-UPD
_b05
_c20141002
_lUCH01
_h0902
590 _aE5995AHE
_b05
_c20140507
_lUCH01
_h1157
590 _aE5995AHE
_b05
_c20140507
_lUCH01
_h1202
590 _aE5995AHE
_b05
_c20140507
_lUCH01
_h1217
650 1 4 _aFisicoquímica.
_941125
650 1 4 _aMateria orgánica.
_972931
650 1 4 _aResiduos orgánicos.
_996116
650 1 4 _aResiduos sólidos.
_996119
650 1 4 _aTratamiento anaeróbico.
_9114699
856 _aFinding aid
_uhttp://10.13.5.2/tesis/sist109510.pdf
_zTeclea aquí
901 _aBK
942 _cTESIS
942 _n0
999 _c105972
_d105972